Selling the waterfront : a critique of the tourism industry's representation of Millers Point, Sydney /

El autor analiza las consecuencias que tiene el desarrollo del turismo, como una estrategia para revitalizar las áreas costeras. La disponibilidad de espacios económicos en ellas constituye una consecuencia de la acumulación de capital que tiene una fuerte expresión a nivel local.\La construcción de...

Descripción completa

Detalles Bibliográficos
Autor principal: Waitt, Gordon
Otros Autores: McGuirk, Pauline M.
Formato: Analitica de revista
Lenguaje:español
Publicado: Santiago, Chile Pontificia Universidad Católica de Chile 1996

MARC

LEADER 00000cab a2200000 a 4500
001 040846
003 UAHC_CL
005 20170803124511.0
008 051006b xx j 000 1 spa
040 |a UAHC_CL  |c UAHC_CL  |d UAHC_CL 
100 1 |a Waitt, Gordon 
245 1 0 |a Selling the waterfront :  |b a critique of the tourism industry's representation of Millers Point, Sydney /  |c Gordon Watt, Pauline M. McGuirk. 
260 |b Pontificia Universidad Católica de Chile  |c 1996  |a Santiago, Chile 
300 |a pp. 85-94 
500 |a En: Revista de geografía norte grande, n˚23, 1996. pp. 85-94. ISSN 0379-8682 
500 |a En: Revista de geografía norte grande, n°23, 1996. pp. 85-94. ISSN 0379-8682 
500 |a En: Revista de geografÌa norte grande, nç23, 1996. pp. 85-94. ISSN 0379-8682 
520 |a El autor analiza las consecuencias que tiene el desarrollo del turismo, como una estrategia para revitalizar las áreas costeras. La disponibilidad de espacios económicos en ellas constituye una consecuencia de la acumulación de capital que tiene una fuerte expresión a nivel local.\La construcción de infraestructura portuaria para servir a las actividades comerciales e industria les no es económicamente viable \Para las actuales economías contemporáneas, caracterizadas por una producción flexible y diversificada y con un gran desarrollo del transporte.\Una alternativa viable y de mayor importancia que la construcción de grandes infraestructuras para la revitalización de las áreas costeras es la remodelación de los paisajes litorales que permitirá la llegada y acumulación de capitales y, en consecuencia, enfatizar el consumo.\Existen tres alternativas para remodelar este paisaje costero: la primera es poner de relevancia los elementos culturales o curiosidades en términos de espacios y lugares; por ejemplo, una iglesia de arquitectura tradicional, espacios libres, etc. \La segunda, considera un desarrollo de potencial turístico para celebrar festivales y eventos de distinta naturaleza o creación de centros de compras en edificios antiguos. La tercera se refiere al uso de nuevos lugares contraídos especialmente para el turismo, como hoteles, circuitos turísticos y centros de descanso y recreación.\Dentro de estos mecanismos de remodelación del paisaje, los atributos de los lugares se constituyen en bienes de gran atracción, fácilmente comerciables, en donde la localización es un valioso elemento desde el punto de vista del turismo.\Este artículo analiza la primera de las tres alternativas, en donde se trata de promover y desarrollar el pasado como patrimonio cultural, tomando como ejemplo "Millers Point", una bahía próxima a Sydney, Australia. 
520 |a El autor analiza las consecuencias que tiene el desarrollo del turismo, como una estrategia para revitalizar las áreas costeras. La disponibilidad de espacios económicos en ellas constituye una consecuencia de la acumulación de capital que tiene una fuerte expresión a nivel local.\La construcción de infraestructura portuaria para servir a las actividades comerciales e industria les no es económicamente viable \Para las actuales economías contemporáneas, caracterizadas por una producción flexible y diversificada y con un gran desarrollo del transporte.\Una alternativa viable y de mayor importancia que la construcción de grandes infraestructuras para la revitalización de las áreas costeras es la remodelación de los paisajes litorales que permitirá la llegada y acumulación de capitales y, en consecuencia, enfatizar el consumo.\Existen tres alternativas para remodelar este paisaje costero: la primera es poner de relevancia los elementos culturales o curiosidades en términos de espacios y lugares; por ejemplo, una iglesia de arquitectura tradicional, espacios libres, etc. \La segunda, considera un desarrollo de potencial turístico para celebrar festivales y eventos de distinta naturaleza o creación de centros de compras en edificios antiguos. La tercera se refiere al uso de nuevos lugares contraídos especialmente para el turismo, como hoteles, circuitos turísticos y centros de descanso y recreación.\Dentro de estos mecanismos de remodelación del paisaje, los atributos de los lugares se constituyen en bienes de gran atracción, fácilmente comerciables, en donde la localización es un valioso elemento desde el punto de vista del turismo.\Este artículo analiza la primera de las tres alternativas, en donde se trata de promover y desarrollar el pasado como patrimonio cultural, tomando como ejemplo "Millers Point", una bahía próxima a Sydney, Australia. 
700 1 |a McGuirk, Pauline M. 
759 |a PP115 
773 0 |t Revista de geografía norte grande  |w 040513 
900 |a REV. GEOGR. NORTE GD.-23/96 
942 |c REVA 
952 |0 0  |1 0  |4 0  |6 REV___GEOGR__NORTE_GD_23_96_000000000000000  |7 0  |8 General  |9 76611  |a BC  |b BC  |c General  |d 2017-08-03  |l 0  |o REV. GEOGR. NORTE GD.-23/96  |p FICTICIO6219  |r 2019-01-08 00:00:00  |t 1  |w 2017-08-03  |y REVA 
999 |c 40846  |d 40846